Автоматизированная система управления процессом импульсной подачи сварочной проволоки при сварке в CO2; Прогрессивные технологии и экономика в машиностроении

Chi tiết về thư mục
Parent link:Прогрессивные технологии и экономика в машиностроении.— 2009.— С. 43-45
Tác giả chính: Шутов Ю. А.
Tác giả khác: Солодский С. А. (научный руководитель)
Ngôn ngữ:Tiếng Nga
Được phát hành: 2009
Những chủ đề:
Định dạng: Chương của sách
KOHA link:https://koha.lib.tpu.ru/cgi-bin/koha/opac-detail.pl?biblionumber=174548

MARC

LEADER 00000naa2a2200000 4500
001 174548
005 20231031164828.0
035 |a (RuTPU)RU\TPU\book\189278 
090 |a 174548 
100 |a 20100129d2009 k y0rusy50 ca 
101 0 |a rus 
102 |a RU 
200 1 |a Автоматизированная система управления процессом импульсной подачи сварочной проволоки при сварке в CO2  |f Ю. А. Шутов  |g науч. рук. С. А. Солодский 
320 |a Библиогр.: 6 назв. 
463 0 |0 (RuTPU)RU\TPU\book\182778  |t Прогрессивные технологии и экономика в машиностроении  |o труды XIII региональной научно-практической конференции студентов и учащейся молодежи , 9-10 апреля 2009 г., Юрга  |f Томский политехнический университет (ТПУ), Юргинский технологический институт (ЮТИ) ; Прогрессивные технологии и экономика в машиностроении ; отв. за вып. Д. А. Чинахов  |v С. 43-45  |d 2009  |p 357 с. 
610 1 |a сварочная проволока 
610 1 |a импульсная подача 
610 1 |a автоматизированные системы управления 
610 1 |a сварка 
610 1 |a углекислый газ 
610 1 |a метод изменения сварочного тока 
610 1 |a труды учёных ТПУ 
700 1 |a Шутов  |b Ю. А. 
702 1 |a Солодский  |b С. А.  |4 727 
801 1 |a RU  |b 63413507  |c 20100129 
942 |c BK